• 首页
  • 本馆介绍
  • 公告通知
  • 最新文献
  • 馆藏检索
  • 电子资源
  • 读者导购
  • 参考咨询
  • 我的图书馆
  • 登录
  • 详细信息显示
  • 放入我的书架
  • 预约/预借图书
  • 作者相关作品
  • 分类相关作品
  • 丛书相关作品
  • 出版社相关作品

书目信息

  • 表格格式
  • 工作单格式
  • 卡片格式
题名:
1905年俄国革命
    
 
作者: ;华中师范学院历史系 编
分册:  
出版信息: 北京   商务印书馆  1973
页数: 43页
开本: 20cm
丛书名:
单 册:
中图分类: K512.43
科图分类:
主题词: 东欧--历史 , 中欧--历史
电子资源:
ISBN:
000 00646nam0 2200217 450
001 0662959375
005 20060817145010.54
010    @dCNY0.11
100    @a20060813d1973 km y0chiy0120 ea
101 0  @achi
102    @aCN@b110000
200 1  @a1905年俄国革命@A1905 nian e guo ge ming@f华中师范学院历史系编@Fhua zhong shi fan xue yuan li shi xi bian
210    @a北京@c商务印书馆@d1973
215    @a43页@d20cm
300    @a历史知识读物
606 0  @a东欧@x历史
606 0  @a中欧@x历史
690    @aK512.43@v3
711  0 @a华中师范学院历史系@Ahua zhong shi fan xue yuan li shi xi@4编
801  0 @aCN@bPFT@c20060817
905    @a10447@dK512.43@e35
    
    1905年俄国革命/华中师范学院历史系编.-北京:商务印书馆,1973
    43页;20cm
    历史知识读物
    
    ISBN :CNY0.11
    
●
相关链接 在E读中查询图书 在五车中查询图书 在当当中查询图书 在豆瓣中查询图书


正题名:1905年俄国革命     索取号:K512.43/35         预约/预借

序号 登录号 条形码 馆藏地/架位号 状态 备注
1 0462193   204621935   密集书库/ [索取号:K512.43/35] 在馆    
2 0462194   204621944   密集书库/ [索取号:K512.43/35] 在馆    
3 0466288   204662882   密集书库/ [索取号:K512.43/35] 在馆    
唐山师范学院图书馆 欢迎您!
大连网信软件有限公司© 版权所有